| 000 | 01385nam0a2200373 4500 | ||
|---|---|---|---|
| 001 | RU\NLR\BIBL_A\012550280 | ||
| 005 | 20211116143230.0 | ||
| 010 |
_a978-5-17-123450-8 _92000 |
||
| 021 |
_aRU _bКН-П-21-007723 _9КН-П-21-0609 |
||
| 035 | _a(NLR Aleph) 012550280 | ||
| 035 | _a(RuMoRGB)010571243 | ||
| 090 |
_a12427409 _c12427409 |
||
| 100 | _a20210621d2020 d y0rusy50 ca | ||
| 101 | 1 |
_arus _ceng |
|
| 102 | _aRU | ||
| 105 | _aa z 000ay | ||
| 181 | 0 |
_ai _baxxe |
|
| 182 | 0 | _an | |
| 200 | 1 |
_aЧудо-женщина _eамазонка-воительница _fСтив Корте _gперевод с английского Ольги Захватовой _gиллюстрации Маркуса То _gобраз "Чудо-женщины" создан Уильямом Моултоном Марстоном |
|
| 203 |
_aТекст _bвизуальный _cнепосредственный |
||
| 210 |
_aМосква _cАСТ _d2020 |
||
| 215 |
_a124, [2] с. _cил. _d21 |
||
| 225 | 1 | _aЛегенды DC Comics | |
| 333 | _a12+ | ||
| 517 | 1 | _aАмазонка-воительница | |
| 686 | 0 | _aШ9(7США)62-4 | |
| 700 | 1 |
_aКорте _bC. _gСтив |
|
| 702 | 1 |
_aТо _bМ. _gМаркус _4440 |
|
| 942 | _cBOOK | ||
| 980 | _aNBR | ||
| 980 | _aNB | ||